| 000 | 00484nam a2200181Ia 4500 | ||
|---|---|---|---|
| 001 | 8929 | ||
| 005 | 20260306160646.0 | ||
| 008 | 260306t2012||||xx |||||||||||||| ||spa|| | ||
| 041 | _aESP | ||
| 082 |
_a371.926 _bP91 |
||
| 100 |
_aPuelles Benites, Manuel de _eAUT |
||
| 245 | 0 |
_aEl fracaso escolar en el estado de las autonomĂas: _bdel fracaso al exito escolar |
|
| 260 | _c2012 | ||
| 300 |
_a377 páginas : _c24 cm. |
||
| 650 | _aGEN | ||
| 654 | _aCED | ||
| 942 |
_cLIB _dJUS _fJUS _2ddc _n |
||
| 999 |
_c8929 _d8929 |
||